Trusting Agents for Trusting Electronic Societies Theory and Applications in HCI and E-Commerce /

Based on two international workshops on trust in agent societies, held at AAMAS 2003 and AAMAS 2004, this book draws together carefully revised papers on trust, reputation, and security in agent society. Besides workshop papers, several contributions from leading researchers in this interdisciplinar...

Πλήρης περιγραφή

Λεπτομέρειες βιβλιογραφικής εγγραφής
Συγγραφή απο Οργανισμό/Αρχή: SpringerLink (Online service)
Άλλοι συγγραφείς: Falcone, Rino (Επιμελητής έκδοσης), Barber, Suzanne (Επιμελητής έκδοσης), Sabater-Mir, Jordi (Επιμελητής έκδοσης), Singh, Munindar P. (Επιμελητής έκδοσης)
Μορφή: Ηλεκτρονική πηγή Ηλ. βιβλίο
Γλώσσα:English
Έκδοση: Berlin, Heidelberg : Springer Berlin Heidelberg, 2005.
Σειρά:Lecture Notes in Computer Science, 3577
Θέματα:
Διαθέσιμο Online:Full Text via HEAL-Link
LEADER 03703nam a22006015i 4500
001 978-3-540-31859-0
003 DE-He213
005 20151123195213.0
007 cr nn 008mamaa
008 100718s2005 gw | s |||| 0|eng d
020 |a 9783540318590  |9 978-3-540-31859-0 
024 7 |a 10.1007/11532095  |2 doi 
040 |d GrThAP 
050 4 |a Q334-342 
050 4 |a TJ210.2-211.495 
072 7 |a UYQ  |2 bicssc 
072 7 |a TJFM1  |2 bicssc 
072 7 |a COM004000  |2 bisacsh 
082 0 4 |a 006.3  |2 23 
245 1 0 |a Trusting Agents for Trusting Electronic Societies  |h [electronic resource] :  |b Theory and Applications in HCI and E-Commerce /  |c edited by Rino Falcone, Suzanne Barber, Jordi Sabater-Mir, Munindar P. Singh. 
264 1 |a Berlin, Heidelberg :  |b Springer Berlin Heidelberg,  |c 2005. 
300 |a VIII, 235 p.  |b online resource. 
336 |a text  |b txt  |2 rdacontent 
337 |a computer  |b c  |2 rdamedia 
338 |a online resource  |b cr  |2 rdacarrier 
347 |a text file  |b PDF  |2 rda 
490 1 |a Lecture Notes in Computer Science,  |x 0302-9743 ;  |v 3577 
505 0 |a Normative Multiagent Systems and Trust Dynamics -- Toward Trustworthy Adjustable Autonomy in KAoS -- Contract Nets for Evaluating Agent Trustworthiness -- The EigenRumor Algorithm for Calculating Contributions in Cyberspace Communities -- A Temporal Policy for Trusting Information -- A Design Foundation for a Trust-Modeling Experimental Testbed -- Decentralized Reputation-Based Trust for Assessing Agent Reliability Under Aggregate Feedback -- A Trust Analysis Methodology for Pervasive Computing Systems -- Decentralized Monitoring of Agent Communications with a Reputation Model -- A Security Infrastructure for Trust Management in Multi-agent Systems -- Why Trust Is Hard – Challenges in e-Mediated Services -- A Protocol for a Distributed Recommender System -- Temptation and Contribution in C2C Transactions: Implications for Designing Reputation Management Systems. 
520 |a Based on two international workshops on trust in agent societies, held at AAMAS 2003 and AAMAS 2004, this book draws together carefully revised papers on trust, reputation, and security in agent society. Besides workshop papers, several contributions from leading researchers in this interdisciplinary field were solicited to complete coverage of all relevant topics. The 13 papers presented take into account issues from multiagent systems, artificial intelligence, cognitive science, game theory, and social and organizational science. Theoretical topics are addressed as well as applications in human-computer interaction and e-commerce. 
650 0 |a Computer science. 
650 0 |a Computer communication systems. 
650 0 |a User interfaces (Computer systems). 
650 0 |a Artificial intelligence. 
650 0 |a Application software. 
650 0 |a Computers and civilization. 
650 1 4 |a Computer Science. 
650 2 4 |a Artificial Intelligence (incl. Robotics). 
650 2 4 |a User Interfaces and Human Computer Interaction. 
650 2 4 |a Computers and Society. 
650 2 4 |a Computer Communication Networks. 
650 2 4 |a Computer Appl. in Social and Behavioral Sciences. 
700 1 |a Falcone, Rino.  |e editor. 
700 1 |a Barber, Suzanne.  |e editor. 
700 1 |a Sabater-Mir, Jordi.  |e editor. 
700 1 |a Singh, Munindar P.  |e editor. 
710 2 |a SpringerLink (Online service) 
773 0 |t Springer eBooks 
776 0 8 |i Printed edition:  |z 9783540280125 
830 0 |a Lecture Notes in Computer Science,  |x 0302-9743 ;  |v 3577 
856 4 0 |u http://dx.doi.org/10.1007/11532095  |z Full Text via HEAL-Link 
912 |a ZDB-2-SCS 
912 |a ZDB-2-LNC 
950 |a Computer Science (Springer-11645)